मोदी चुनोती 2024 की ;भारतीय राजनीति की अग्निपरीक्षा/ (Record no. 202132)

MARC details
000 -LEADER
fixed length control field 00779nam a22001817a 4500
005 - DATE AND TIME OF LATEST TRANSACTION
control field 20240419111120.0
010 ## - LCCN (DPL NO)
LC control number HIN-127342
020 ## - INTERNATIONAL STANDARD BOOK NUMBER
International Standard Book Number 9789355433688
Terms of availability 599.00
035 ## - SYSTEM CONTROL NUMBER
System control number HN-99688
037 ## - SOURCE OF ACQUISITION
Source of stock number/acquisition DBAD
082 ## - DEWEY DECIMAL CLASSIFICATION NUMBER
Classification number 920
100 ## - MAIN ENTRY--PERSONAL NAME
Personal name मर्चेंट, मिन्हाज
245 ## - TITLE STATEMENT
Title मोदी चुनोती 2024 की ;भारतीय राजनीति की अग्निपरीक्षा/
Statement of responsibility, etc मिन्हाज मर्चेंट
260 ## - PUBLICATION, DISTRIBUTION, ETC. (IMPRINT)
Place of publication, distribution, etc नोएडा
Name of publisher, distributor, etc मंजुल पब्लिशिंग हाउस
Date of publication, distribution, etc 2023
270 ## - ADDRESS
Address C-16 सेक्टर-3
City नोएडा
Postal code 201301
300 ## - PHYSICAL DESCRIPTION
Extent 337पृ.;
Dimensions 23 सेमी.(अजिल्द)
942 ## - ADDED ENTRY ELEMENTS (KOHA)
Source of classification or shelving scheme Dewey Decimal Classification
Item type Hindi Books
Classification part 920
Call number suffix मर्चेंट
Holdings
Withdrawn status Lost status Not for loan Collection code Home library Current library Date acquired Source of acquisition Cost, normal purchase price Full call number Barcode Copy number Cost, replacement price Koha item type
      Non-fiction Bawana Bawana 12/04/2024 DBAD 599.00 920 मर्चेंट HN-99688 1 599.00 Hindi Books

© Delhi Public Library
Hit Counter
free hit counter